000 00279nam a22001097a 4500
999 _c8437
_d8438
008 200218b ||||| |||| 00| 0 eng d
082 _a070.4 LAN
245 _aLAN202: Basic Journalism
300 _a79 p.
_c30 cm.
650 _a Originally published: Basic journalism
942 _2ddc